00367nam a2200145Ia 4500008004100000020001500041041001200056100001300068245005300081250000800134260004000142300000800182650001500190700001600205221030s9999 xx 000 0 und d a8177588507 aEnglish aR. Batra 0aAdvertising Managementcby R. Batra, J. G. Myers a5th bPearson EducationaNew Delhic2012 a768 aManagement aJ. G. Myers